00595nam a22001697a 450000500170000001000170001702000260003403500170006003700120007708200100008924501660009924600160026526000260028127000660030730000300037350000220040320130527163840.0 aB-506564-565 a9788131788721c299.00 aB-506564-565 bKKP/Ven a512.5 aSuper course in Mathematics coordinate geometry and vector algebra for the JEE-ISEET /b(joint entrance examination-Indian science engineering eligibility test) aMathematics aNoida bPearsonc2012 a7th Floor, Knowledge Boulevard, A-8(A), Sec-62bNoidae201309 avarious pagesc28cm(pbk). aIt include index